000 01101nam a2200241 i 4500
001 155376
003 ES-MaACL
005 20230906210043.0
008 931025s1612 sp |||| | spa d
100 1 _aHerrera y Tordesillas, Antonio de.
_963252
245 1 0 _aTratado, relación y discurso historico de los mouimientos de Aragon sucedidos en los años de mil y quinientos y nouenta y vno, y de mil y quinientos y nouenta y dos
_b: y de su origen y principio hasta que ... Filipe II ... compuso y quieto las cosas de aquel Reyno /
_c[Antonio de Herrera].
260 _aEn Madrid :
_ben la Imprenta Real,
_c1612.
300 _a[4], 140 p. ;
_c4º.
594 _aAutor tomado de prelim.
597 _aSign.: *2, A-R4, S2.
597 _aNumerosas h. en bl. intercaladas en texto.
597 _aPort. con esc. xil. real.
597 _aEsc. xil. real en A3 V.
650 4 _aRebeliones-
_zZaragoza-
_vHistoria.
_9154829
651 4 _aAragón (Reino)-
_xHistoria.
_97791
651 4 _aEspaña-
_xHistoria-
_y1556-1598, Felipe II.
_98218
852 _aES-MaACL
_jR-348
_z-- Enc. pasta
_x Olim: D-1334
999 _c155376
_d155376